Mezinárodní hospodářské organizace a účast ČSSR
Enregistré dans:
| Auteur principal: | |
|---|---|
| Format: | Livre |
| Langue: | tchèque |
| Publié: |
Praha
Československá obchodní komora
1968
|
| Collection: | Československé hospodářství a mezinárodní obchod
|
| Tags: |
Pas de tags, Soyez le premier à ajouter un tag!
|
MARC
| LEADER | 00000nam a2200000 4500 | ||
|---|---|---|---|
| 001 | c122084 | ||
| 005 | 20041019155224.2 | ||
| 041 | 0 | |a cze | |
| 044 | |a CZ | ||
| 245 | 1 | 0 | |a Mezinárodní hospodářské organizace a účast ČSSR |c Josef Adámek |
| 264 | 1 | |a Praha |b Československá obchodní komora |c 1968 | |
| 300 | |a 99 s. | ||
| 490 | 1 | |a Československé hospodářství a mezinárodní obchod | |
| 830 | 0 | |a Československé hospodářství a mezinárodní obchod | |
| 100 | 1 | |a Adámek, Josef | |